000
00409nam a2200145Ia 4500
008
100204s9999 xx 000 0 und d
082
_b
9565
100
_a
अत्रे प्रभाकर
245
_a
पालखी
260
_b
"मंदार प्रकाशन , पनवेल"
_c
1987
300
_a
162
630
_a
पालखी
730
_a
पालखी
942
_c
BOOK
999
_c
454001
_d
453998